Guess the Conan Gray song with no hints ~1 - Statistics

General Stats
  • This quiz has been taken 258 times
  • The average score is 169 of 254
Answer Stats
Answer % Correct
I
97%
you
97%
the
87%
The
87%
me
85%
when
84%
love
83%
your
83%
And
80%
and
80%
do
78%
be
76%
I'm
75%
i'm
75%
it
73%
not
73%
to
73%
my
72%
on
72%
that
72%
you're
72%
but
71%
But
71%
in
71%
of
70%
So
70%
want
67%
all
66%
All
66%
can't
66%
Can't
66%
know
66%
life
66%
what
66%
was
65%
yours
64%
for
62%
did
61%
like
61%
Like
61%
one
61%
go
60%
never
60%
is
59%
why
58%
I'll
57%
Just
57%
it's
56%
look
55%
own
55%
with
55%
I've
54%
more
54%
really
54%
could
53%
alone
52%
call
52%
Cause
52%
friends
52%
mine
52%
still
52%
tell
52%
end
51%
fuck
51%
wanted
50%
eyes
49%
Oh
49%
only
49%
over
49%
thing
49%
best
48%
give
48%
goodbye
48%
mind
48%
saying
48%
that's
48%
done
47%
roses
47%
things
47%
up
47%
already
46%
believe
46%
enough
46%
somebody
46%
than
46%
time
46%
chose
45%
stars
45%
use
45%
change
44%
Fifteen
43%
notice
43%
sun
43%
touch
43%
ghost
42%
given
42%
should've
42%
sleeping
42%
known
41%
guess
39%
dozen
38%
harder
38%
dumb
37%
No matching quizzes found
Score Distribution
Percent of People with Each Score
Percentile by Number Answered
Your Score History
You have not taken this quiz